Wo byću a tyću we Łužicy

Titel: Wo byću a tyću we Łužicy
Verfasser:
In: Rozhlad, Band 43, Heft 5 (1993), Seite 191-192
alle Artikel anzeigen
Veröffentlicht: 1993
Format: Aufsatz
Sprache: Sorbisch
Kein Bild verfügbar
X
alg: 39532669
001A    $01999:12-11-16 
001B    $03025:08-03-24 $t14:48:38.000 
001D    $01999:12-11-16 
001U    $0utf8 
001X    $00 
002@    $0Aox 
003@    $0395326699 
007A    $0395326699 $aHEB 
007T    $0Herdww011009 
010@    $awen 
011@    $a1993 
021A    $aWo byću a tyću we Łužicy 
028A    $aKrawc $dErich 
031A    $d43 $e5 $h191-192 $j1993 
039B    $aIn $8--Abvc--. Rozhlad. - Bautzen : Domowina, 1950-. - ISSN 0557-4250 $x199300000430005809 $9047452528 
039T    $8--Aau--. @Volksleben, Volksfrömmigkeit und Volksbrauch in der Lausitz. - 1. Aufl.. - Bautzen : Domowina-Verl., 1992. - 168 S.. - zahlr. Ill.. - ISBN 3-7420-0644-4 $9024441368 
045F    $a900.94385 $eDDC23BSB 
045F/01 $a900 
045F/03 $g4385 

lok: 39532669 78

exp: 39532669 78 1 #EPN
201B/01 $018-11-16 $t14:30:47.000 
201U/01 $0utf8 
203@/01 $0791665356 
208@/01 $a12-11-16 $be 
209A/01 $a/ $f000 $x00 
220C/01 $aTitelaufnehmer: TJ 
220C/01 $aHerkunft: IH UWr 
244Z/01 $2Trx $#Silesia $#Śląsk $#Sliezsko $#Slezsko $8--Trx--Schlesien $x01 $9391173987 
244Z/01 $2Trx $#arvustused $#recenzijos $#Reviews $#recenziók $#recenzje $#recenzie $#recenze $8--Trx--Rezensionen $x02 $9391357441 
247C/01 $82080>Marburg/Lahn, Herder-Institut, Forschungsbibliothek, Bibliographieportal $9336309341
LEADER 00000caa a22000002c 4500
001 395326699
003 DE-603
005 20240308144838.0
007 tu
008 161112s1993 xx |||| | u00||u|wen c
035 |a (DE-599)HEB395326699 
040 |a DE-603  |b ger  |c DE-603  |d DE-603 
041 |a wen 
082 0 4 |8 1\u  |a 900.94385  |q DE-101  |2 23/BSB 
085 |8 1\u  |b 900 
085 |8 1\u  |z 2  |s 4385 
100 1 |a Krawc, Erich 
245 0 0 |a Wo byću a tyću we Łužicy 
264 0 |c 1993 
773 0 8 |i In  |t Rozhlad  |d Bautzen : Domowina, 1950-  |h 24 cm  |x 0557-4250  |g Band 43, Heft 5 (1993), Seite 191-192  |w (DE-603)047452528  |w (DE-600)280835-3 
787 0 8 |i Rezension von  |t Volksleben, Volksfrömmigkeit und Volksbrauch in der Lausitz  |b 1. Aufl.  |d Bautzen : Domowina-Verl., 1992  |h 168 S., zahlr. Ill.  |z 3742006444  |w (DE-603)024441368 
924 0 |9 2080  |a (DE-603)791665356  |b DE-2080  |c HES  |d d  |g /